00326nam a2200133Ia 450000500170000000800410001705000240005824500460008226000220012830000210015044000060017152100070017752600080018420140426094554.0140130s9999 xx 000 0 und d aPZ 7b.W8606In 1991 cWoodruff, ElviraaGeorge Washington socks bScholastic,c1991 a166 p. :c21 cm. v1 aG6 c840